|
|
|
|
| LEADER |
01370nam a2200361 a 4500 |
| 001 |
000760672 |
| 003 |
CZ BrMZK |
| 005 |
20050411094820.0 |
| 007 |
ta |
| 008 |
050124s2004 xr a grc 000 0dcze d |
| 020 |
|
|
|a 80-85112-43-4
|q (složeno)
|
| 040 |
|
|
|a BOA001
|b cze
|
| 043 |
|
|
|a e-xr---
|
| 072 |
|
7 |
|a 75
|x Malířství
|2 Konspekt
|9 21
|
| 080 |
|
|
|a 929
|2 MRF
|
| 080 |
|
|
|a 75.071.1
|2 MRF
|
| 080 |
|
|
|a (437.3)
|2 MRF
|
| 080 |
|
|
|a (083.81)
|2 MRF
|
| 100 |
1 |
|
|a Horný, Willy,
|d 1933-1982
|7 xx0026134
|4 art
|
| 245 |
1 |
0 |
|a Willy Horný :
|b z cyklu Pardubičtí výtvarníci minulého století : Východočeská galerie v Pardubicích, dům U Jonáše, 4.3.-25.4.2004 : [katalog výstavy /
|c texty katalogu Vít Bouček]
|
| 246 |
3 |
|
|a Z cyklu Pardubičtí výtvarníci minulého století
|
| 260 |
|
|
|a V Pardubicích :
|b Východočeská galerie,
|c 2004
|
| 300 |
|
|
|a 1 složený l. :
|b barev. il. ;
|c 30 cm
|
| 500 |
|
|
|a 300 výt.
|
| 504 |
|
|
|a Obsahuje bibliografii
|
| 600 |
1 |
7 |
|a Horný, Willy,
|d 1933-1982
|7 xx0026134
|2 czenas
|
| 650 |
0 |
7 |
|a malíři
|7 ph122596
|z Česko
|y 20. stol.
|2 czenas
|
| 655 |
|
7 |
|a katalogy výstav
|7 fd132536
|2 czenas
|
| 700 |
1 |
|
|a Bouček, Vít,
|d 1950-
|7 jn20010602803
|4 aut
|
| 910 |
|
|
|a BOA001
|b 4-1146.720
|
| 990 |
|
|
|a BK
|
| 991 |
|
|
|b 200503
|c NOV
|
| 996 |
6 |
|
|b 2610239979
|c 4-1146.720
|l MZK
|r Sklad / do 1 hodiny
|n 0
|p p.v.
|w 000760672
|u 000010
|a 1
|e BOA001
|j MZK50
|s P
|